[Event "PNWCC vs Europe Hybrid 08"]
[Site "Chess.com INT"]
[Date "2022.08.20"]
[Round "3"]
[White "Djonev, Svetozar"]
[Black "Willy, Stephen"]
[Result "1/2-1/2"]
[WhiteElo "2157"]
[BlackElo "1945"]
[PlyCount "41"]
[EventDate "2022.08.19"]
[EventType "team-match"]
[EventRounds "8"]
[EventCountry "USA"]
[SourceTitle "EXT 2024"]
[Source "ChessBase"]
[SourceDate "2023.10.10"]
[SourceVersion "1"]
[SourceVersionDate "2023.10.10"]
[SourceQuality "1"]
[WhiteTeam "Europe"]
[BlackTeam "PNWCC"]
[BlackTeamCountry "USA"]

1. e4 e5 2. Nf3 Nc6 3. d4 exd4 4. Bc4 Nf6 5. 0-0 Nxe4 6. Re1 d5 7. Bxd5 Qxd5 8. Nc3 Qa5 9. Nxe4 Be6 10. Bd2 Qf5 11. Bg5 f6 12. Nh4 Qa5 13. Nxf6+ gxf6 14. Bxf6 Qd5 15. Rxe6+ Qxe6 16. Qh5+ Kd7 17. Bxh8 Be7 18. Qxh7 Qg8 19. Qf5+ Qe6 20. Qh7 Qg8 21. Qf5+ 1/2-1/2

[Event "BUL-chT 55th"]
[Site "Sunny Beach"]
[Date "2005.09.26"]
[Round "1.4"]
[White "Petrov, Marian"]
[Black "Djonev, Svetozar"]
[Result "1-0"]
[WhiteElo "2406"]
[BlackElo "2200"]
[PlyCount "57"]
[EventDate "2005.09.26"]
[EventType "team-swiss"]
[EventRounds "7"]
[EventCountry "BUL"]
[SourceTitle "CBM 108 Extra"]
[Source "ChessBase"]
[SourceDate "2005.11.04"]
[SourceVersion "1"]
[SourceVersionDate "2005.11.04"]
[SourceQuality "1"]
[WhiteTeam "Plovdiv Lokomotiv"]
[BlackTeam "Pazardzhik"]
[WhiteTeamCountry "BUL"]
[BlackTeamCountry "BUL"]

1. e4 c5 2. Nf3 d6 3. d4 cxd4 4. Nxd4 Nf6 5. Nc3 g6 6. f4 Bg7 7. Bb5+ Nfd7 8. 0-0 0-0 9. Be3 a6 10. Be2 Nc6 11. Qd2 Nb6 12. a4 Nxd4 13. Bxd4 e5 14. Be3 exf4 15. Bxf4 Be6 16. Bxd6 Rc8 17. Rad1 Re8 18. e5 Nc4 19. Bxc4 Rxc4 20. Nd5 Rxa4 21. Nc7 h5 22. Qf2 Qc8 23. Nxe8 Qxe8 24. Qb6 Bg4 25. Rd5 Bd7 26. Bc5 Bxe5 27. Rfd1 Qb8 28. Rxd7 Bxh2+ 29. Kh1 1-0

[Event "Bankia tt"]
[Site "Bankia"]
[Date "1992.??.??"]
[Round "4"]
[White "Djonev, Svetozar"]
[Black "Spassov, Liuben"]
[Result "0-1"]
[WhiteElo "2205"]
[BlackElo "2405"]
[PlyCount "46"]
[EventDate "1992.??.??"]
[EventType "team"]
[EventRounds "7"]
[EventCountry "BUL"]
[SourceTitle "EXT 1997"]
[Source "ChessBase"]
[SourceDate "1996.11.15"]
[SourceVersion "1"]
[SourceVersionDate "1996.11.15"]
[SourceQuality "1"]

1. e4 c5 2. Nf3 e6 3. b3 a6 4. Bb2 Nc6 5. d4 cxd4 6. Nxd4 d6 7. c4 Bd7 8. Nc3 Nf6 9. Nc2 Be7 10. Ne3 0-0 11. Bd3 Ne5 12. Bc2 b5 13. f4 Ng6 14. Qf3 Qb6 15. Ne2 Nh4 16. Qg3 Qxe3 17. Qxh4 Nxe4 18. Qxe7 Qd2+ 19. Kf1 Qxc2 20. Bd4 Bc6 21. Qh4 Rfe8 22. Qe1 e5 23. Be3 Qd3 0-1

[Event "Bankia tt"]
[Site "Bankia"]
[Date "1992.??.??"]
[Round "2"]
[White "Popchev, Milko"]
[Black "Djonev, Svetozar"]
[Result "1-0"]
[WhiteElo "2465"]
[BlackElo "2205"]
[PlyCount "41"]
[EventDate "1992.??.??"]
[EventType "team"]
[EventRounds "7"]
[EventCountry "BUL"]
[SourceTitle "EXT 1997"]
[Source "ChessBase"]
[SourceDate "1996.11.15"]
[SourceVersion "1"]
[SourceVersionDate "1996.11.15"]
[SourceQuality "1"]

1. d4 d5 2. c4 e6 3. Nc3 c5 4. e3 Nf6 5. Nf3 Nc6 6. a3 a6 7. cxd5 exd5 8. Be2 Bd6 9. dxc5 Bxc5 10. b4 Ba7 11. Bb2 0-0 12. 0-0 Bg4 13. Rc1 Re8 14. Na4 Ne4 15. Nc5 Nxc5 16. bxc5 Rc8 17. Qd2 Bxf3 18. Bxf3 Ne5 19. Bxd5 Rxc5 20. Rxc5 Bxc5 21. Bxe5 1-0

[Event "BUL-chT"]
[Site "Bankia"]
[Date "1991.??.??"]
[Round "1"]
[White "Petkov, Vladimir"]
[Black "Djonev, Svetozar"]
[Result "0-1"]
[WhiteElo "2295"]
[BlackElo "2225"]
[PlyCount "71"]
[EventDate "1991.??.??"]
[EventType "team"]
[EventRounds "8"]
[EventCountry "BUL"]
[SourceTitle "EXT 1998"]
[Source "ChessBase"]
[SourceDate "1997.11.17"]
[SourceVersion "1"]
[SourceVersionDate "1997.11.17"]
[SourceQuality "1"]

1. e4 c5 2. Nf3 Nc6 3. Bb5 g6 4. 0-0 Bg7 5. c3 e5 6. d4 exd4 7. e5 Nge7 8. cxd4 cxd4 9. Re1 Qb6 10. Na3 0-0 11. Bg5 h6 12. Bf6 Bxf6 13. exf6 Nd5 14. Qd2 Kh7 15. Re4 Nxf6 16. Rh4 Ng8 17. Re1 d5 18. Bd3 Kg7 19. Nb5 Bd7 20. g4 Qd8 21. g5 h5 22. Nbxd4 Nge7 23. Qc3 Kg8 24. Rf4 Rc8 25. Qd2 Bg4 26. h4 Qd7 27. Rf6 Bh3 28. Kh2 Bg4 29. Ne5 Nxe5 30. Rxe5 Nc6 31. Nxc6 Rxc6 32. Qf4 Re8 33. Rxe8+ Qxe8 34. f3 Bd7 35. Kg3 Qe1+ 36. Kg2 0-1

[Event "BUL-ch 22nd"]
[Site "Pazardzik"]
[Date "1991.??.??"]
[Round "6"]
[White "Stavrev, Nikolai"]
[Black "Djonev, Svetozar"]
[Result "0-1"]
[WhiteElo "2265"]
[BlackElo "2225"]
[PlyCount "94"]
[EventDate "1991.??.??"]
[EventType "swiss"]
[EventRounds "10"]
[EventCountry "BUL"]
[SourceTitle "TD"]
[Source "ChessBase"]
[SourceDate "1994.03.01"]
[SourceVersion "1"]
[SourceVersionDate "1994.03.01"]
[SourceQuality "1"]

1. e4 c5 2. Nf3 Nc6 3. Bb5 g6 4. 0-0 Bg7 5. c3 Nf6 6. Re1 0-0 7. d4 cxd4 8. e5 Nd5 9. cxd4 a6 10. Bc4 Nb6 11. Bb3 d5 12. h3 Bf5 13. Nc3 Na5 14. Bc2 Bxc2 15. Qxc2 Qd7 16. Qe2 Nc6 17. Bf4 Nd8 18. Ng5 Ne6 19. Nxe6 Qxe6 20. a4 Rac8 21. a5 Nd7 22. Qf3 Rc4 23. Red1 f6 24. exf6 Nxf6 25. Qe3 Ne4 26. Nxe4 Qxe4 27. Qxe4 dxe4 28. Be3 Rd8 29. Rac1 Rdc8 30. Rxc4 Rxc4 31. d5 Be5 32. Rb1 Rb4 33. b3 Rb5 34. b4 Bd6 35. Bb6 Rxb4 36. Re1 Kf7 37. g3 Kf6 38. Kg2 Ke5 39. Rd1 Rc4 40. Rd2 Bb4 41. Rd1 Kd6 42. h4 Bc5 43. Rb1 Rb4 44. Bxc5+ Kxc5 45. Rc1+ Kxd5 46. Rc8 Rb5 47. Rb8 Kd4 0-1

[Event "Primorsko op"]
[Site "Primorsko"]
[Date "1989.??.??"]
[Round "?"]
[White "Petkov, Vladimir"]
[Black "Djonev, Svetozar"]
[Result "1-0"]
[WhiteElo "2260"]
[BlackElo "2320"]
[PlyCount "51"]
[EventDate "1989.??.??"]
[EventType "swiss"]
[EventRounds "11"]
[EventCountry "BUL"]
[SourceTitle "EXT 1998"]
[Source "ChessBase"]
[SourceDate "1997.11.17"]
[SourceVersion "1"]
[SourceVersionDate "1997.11.17"]
[SourceQuality "1"]

1. e4 c5 2. Nf3 d6 3. d4 cxd4 4. Nxd4 Nf6 5. Nc3 g6 6. g3 Nc6 7. Nde2 Bg7 8. Bg2 0-0 9. 0-0 Rb8 10. a4 a6 11. h3 b5 12. axb5 axb5 13. Be3 Bd7 14. Nd5 b4 15. f4 Nxe4 16. Bxe4 Bxh3 17. Ra6 Bxf1 18. Qxf1 Rc8 19. f5 Bxb2 20. fxg6 fxg6 21. Qh3 Qe8 22. Rxc6 Rxc6 23. Qe6+ Rf7 24. c3 bxc3 25. Nf6+ Kh8 26. Bxc6 1-0